000 00259nam a22001217a 4500
008 170911b xxu||||| |||| 00| 0 eng d
041 _aeng
080 _a52
100 _a42
101 _aAST
245 _aSPACE TIME INFINITY
_cTREFIL.J.S
942 _2udc
_cBK
999 _c27053
_d27053